<?xml version="1.0" encoding="UTF-8"?>
<marc:record xmlns:marc="http://www.loc.gov/MARC21/slim">
   <marc:leader>00000nam a2200000 a 4500</marc:leader>
   <marc:datafield ind1="1" ind2=" " tag="100">
      <marc:subfield code="a">Tallec, Olivier</marc:subfield>
   </marc:datafield>
   <marc:datafield ind1="1" ind2=" " tag="100">
      <marc:subfield code="a">John, Jory</marc:subfield>
   </marc:datafield>
   <marc:datafield ind1="1" ind2=" " tag="100">
      <marc:subfield code="a">Naumann, Ebi</marc:subfield>
   </marc:datafield>
   <marc:datafield ind1=" " ind2=" " tag="653">
      <marc:subfield code="a">Schafe</marc:subfield>
   </marc:datafield>
   <marc:datafield ind1=" " ind2=" " tag="653">
      <marc:subfield code="a">Einschlafen</marc:subfield>
   </marc:datafield>
   <marc:datafield ind1="0" ind2="0" tag="245">
      <marc:subfield code="a">Achtung, fertig, einschlafen!</marc:subfield>
   </marc:datafield>
   <marc:datafield ind1="0" ind2="0" tag="245">
      <marc:subfield code="c">Jory John ; Olivier Tallec ; aus dem Englischen von Ebi Naumann</marc:subfield>
   </marc:datafield>
   <marc:datafield ind1=" " ind2="1" tag="264">
      <marc:subfield code="a">Hildesheim</marc:subfield>
      <marc:subfield code="b">Gerstenberg</marc:subfield>
      <marc:subfield code="c">2023</marc:subfield>
   </marc:datafield>
   <marc:datafield ind1="1" ind2=" " tag="520">
      <marc:subfield code="a">Quelle: bn.bibliotheksnachrichten (http://www.biblio.at/literatur/bn/index.html); &lt;br/&gt;Autor: Cornelia Gstöttinger; &lt;br/&gt;So gelingt Einschlafen garantiert  nicht. (ab 4) (JD)&lt;br/&gt;»Alle mal herhören!«, tönt es laut aus dem Megaphon. Und lärmend geht es weiter: Das Känguru möchte uns zum Einschlafen bringen und kramt dazu allerlei interessante, für sein Vorhaben jedoch gänzlich unbrauchbare Dinge aus seinem Beutel hervor. Weder die 50 knatternden Monstertrucks noch die röhrenden E-Gitarren erzielen die gewünschte Wirkung. Um sein Publikum nur ja nicht zu langweilen, greift das Känguru zu actiongeladenen Mitteln. Auch der älteste Trick funktioniert nicht: Das Schäfchen-Zähl-Prozedere lässt uns nicht einschlummern  wird die Herde doch von Feuer speienden Drachen gejagt&lt;br/&gt;Jory John lässt das übereifrige Känguru ein wenig atem- und haltlos die unterschiedlichsten Tipps durchs Megaphon schreien. Die steigende Verzweiflung angesichts der Erfolglosigkeit seines Tuns kann zwar gut beim Vorlesen intoniert werden, allerdings wird nicht jede Pointe von den jungen Zuhörer*innen verstanden werden. Olivier Tallec hat die Figur durchaus mit Witz ins Bild gesetzt  insgesamt ist das jedoch ein zu geringer Anreiz für mehrmalige Lektüre.</marc:subfield>
   </marc:datafield>
   <marc:datafield ind1=" " ind2=" " tag="020">
      <marc:subfield code="a">9783836961912</marc:subfield>
      <marc:subfield code="9">9783836961912</marc:subfield>
   </marc:datafield>
   <marc:datafield ind1=" " ind2=" " tag="041">
      <marc:subfield code="a">ger</marc:subfield>
   </marc:datafield>
   <marc:datafield ind1=" " ind2=" " tag="300">
      <marc:subfield code="b">Illustrationen</marc:subfield>
   </marc:datafield>
   <marc:datafield ind1="1" ind2=" " tag="521">
      <marc:subfield code="a">0</marc:subfield>
   </marc:datafield>
   <marc:datafield ind1=" " ind2=" " tag="300">
      <marc:subfield code="a">30 ungezählte Seiten</marc:subfield>
   </marc:datafield>
</marc:record>
